Construction. (Record no. 547388)
[ view plain ]
| 000 -LEADER | |
|---|---|
| fixed length control field | 00653pam a2200181 a 4500 |
| 020 ## - INTERNATIONAL STANDARD BOOK NUMBER | |
| International Standard Book Number | 0309045177 (pbk.) : |
| 082 00 - DEWEY DECIMAL CLASSIFICATION NUMBER | |
| Classification number | 625.7 |
| Author Mark | NAT |
| 245 00 - TITLE STATEMENT | |
| Title | Construction. |
| 260 ## - PUBLICATION, DISTRIBUTION, ETC. | |
| Place of publication, distribution, etc. | Washington, D.C. : |
| Name of publisher, distributor, etc. | Transportation Research Board, National Research Council, |
| Date of publication, distribution, etc. | 1987. |
| 300 ## - PHYSICAL DESCRIPTION | |
| Extent | vi, 144 p. : |
| Other physical details | ill. ; |
| Dimensions | 29 cm. |
| 526 ## - STUDY PROGRAM INFORMATION NOTE | |
| Program name | 0 |
| Interest level | 0 |
| Reading level | 0 |
| Title point value | 625_700000000000000_NAT |
| 650 #0 - SUBJECT ADDED ENTRY--TOPICAL TERM | |
| Topical term or geographic name entry element | Highway engineering |
| General subdivision | Management |
| -- | Data processing. |
| 9 (RLIN) | 43587 |
| 650 #0 - SUBJECT ADDED ENTRY--TOPICAL TERM | |
| Topical term or geographic name entry element | MCE |
| 9 (RLIN) | 379 |
| 650 #0 - SUBJECT ADDED ENTRY--TOPICAL TERM | |
| Topical term or geographic name entry element | Pavements |
| General subdivision | Design and construction. |
| 9 (RLIN) | 916 |
| 650 #0 - SUBJECT ADDED ENTRY--TOPICAL TERM | |
| Topical term or geographic name entry element | Road materials |
| General subdivision | Testing |
| -- | Equipment and supplies. |
| 9 (RLIN) | 43588 |
| 710 2# - ADDED ENTRY--CORPORATE NAME | |
| Corporate name or jurisdiction name as entry element | National Research Council (U.S.). |
| 9 (RLIN) | 20017 |
| 942 ## - ADDED ENTRY ELEMENTS (KOHA) | |
| Source of classification or shelving scheme | |
| Koha item type | Book |
| Withdrawn status | Lost status | Source of classification or shelving scheme | Damaged status | Not for loan | Permanent Location | Current Location | Date acquired | Total Checkouts | Full call number | Barcode | Date last seen | Price effective from | Koha item type |
|---|---|---|---|---|---|---|---|---|---|---|---|---|---|
| Military College of Engineering (MCE) | Military College of Engineering (MCE) | 07/14/2014 | 625.7 NAT | MCE-42342 | 07/14/2014 | 07/14/2014 | Book |
